Statistics for Largest cities in Tanzania

Click here to take the quiz!

General Stats

  • This quiz has been taken 77 times
  • The average score is 6 of 10

Answer Stats

Answer % Correct
Dar es Salaam
100%
Dodoma
88%
Arusha
76%
Zanzibar
76%
Mwanza
68%
Tanga
48%
Mbeya
44%
Morogoro
32%
Tabora
32%
Kahama
0%

Score Distribution

Percentile by Number Answered

Percent of People with Each Score

Your Score History

You have not taken this quiz